| 000 | 00775nam a22002777a 4500 | ||
|---|---|---|---|
| 001 | BS2023000033 | ||
| 003 | BR-BrBNA | ||
| 005 | 20230330102529.0 | ||
| 008 | 230328b2013 bl.||||| |||| 00| 0 por d | ||
| 020 | _a978-85-7930-536-8 | ||
| 040 |
_aBR-BrBNA _bpor. |
||
| 041 | _apor. | ||
| 072 | _aS85 | ||
| 100 | _aRhyne, Teresa J. | ||
| 100 |
_4Trad. _aFortin, Mayara |
||
| 245 |
_aOs cães nunca deixam de amar = The Dog Lived (and so will i) _c Teresa J. Rhyne; Mayara Fortin |
||
| 260 |
_aSão Paulo - SP : _bUniverso dos livros, _c2013 |
||
| 300 | _a312 p. | ||
| 650 | _aPACIENTES | ||
| 650 | _aCÂNCER | ||
| 650 | _aANIMAIS DE ESTIMAÇÃO | ||
| 650 | _aRELAÇÃO HOMEM - ANIMAL | ||
| 909 |
_a202303 _bMaria Neves _c62 _dMaria Neves |
||
| 942 | _cBK | ||
| 999 |
_c4969 _d4969 |
||